01274nam a2200241Ia 4500001001100000003001000011008004100021040002500062041001200087100003800099245007900137250001100216260006300227300002700290500018100317501011400498520018100612650002100793942000700814957000600821999004300827952016200870L241-13672IT-CnALBA170116s9999||||xx |||||||||||||| ||und|| aIT-CnALBAcIT-CnALBA aLATINO  aPARATO FELICE, DA SOMMARIVA BOSCO 0aTHEOLOGIAE MORALIS PRAELECTIONES DE JUSTITIAE ET JURE ET DE RESTITUTIONE.  a1a ed. aTORINObREGIA TYPOGRAPHIA OFFICINA. c1846 [1° Ed.: n.d.] a388 p. (prefazione: 3) aIL CONTRATTO IN GENERE. I CONTRATTI IN SPECIE. MONOPOLIO. CAMBIO. PEGNO. IPOTECA. DOTE. DONAZIONE. MUTUO. USURA. TUTELA. BENEFICI ECCLESIASTICI. SIMONIA. PENE. CAUSE SCUSANTI.  aSocietà San Paolo EM - Piazza San Paolo, 14 - 12051 ALBA (CN) (non commercial uses only) ® Copyright 2017 aIL CONTRATTO IN GENERE. I CONTRATTI IN SPECIE. MONOPOLIO. CAMBIO. PEGNO. IPOTECA. DOTE. DONAZIONE. MUTUO. USURA. TUTELA. BENEFICI ECCLESIASTICI. SIMONIA. PENE. CAUSE SCUSANTI.  aMORALE CATTOLICA cBK 71 a18424bSI g Copie: 1 c272847d272847 0010406L_2411367271aALBAbALBAd2017-01-16l0oL241-13672r2017-01-16 00:00:00w2017-01-16yBKz(data import: 16 gennaio 2017) - By Epidotti, Vaglietti.